000 00499nam a2200145 a 4500
001 000038663
005 20201002031328.0
008 130417s2013 dr ac 000 0 spa d
020 _a97899454940103
040 _aDO-SdBNP
_bspa
_cBNPHU
111 2 _apremio nacional mujeres de progreso
_n(8:
_d2013:
_cSanto Domingo )
_964988
245 1 0 _aVIII premio nacional mujeres de progreso 2013.
260 _aSanto Domingo :
_bVicepresidencia de la República,
_c2013.
300 _a27 p. :
_bil., retrs. ;
_c21 cm.
999 _c38153
_d38153